History Quiz

Random History or Nation Quiz
Score 0/87 Timer 09:00
0 Plays Today
Nation Name % Correct
United StatesBenjamin Harrison
63.2%
GreeceGeorge
57.9%
MontenegroNicholas
52.6%
German EmpireWilhelm ΙΙ
47.4%
RomaniaCarol
42.1%
Austria-HungaryFrancis Joseph
42.1%
RussiaAlexander ΙΙΙ
36.8%
SerbiaAlexander
36.8%
PortugalCarlos
31.6%
SwedenOscar ΙΙ
31.6%
MonacoAlbert
31.6%
CongoLeopold ΙΙ
31.6%
WadaiYusuf ibn ‘Ali
31.6%
NorwayOscar ΙΙ
31.6%
SokotoUmaru bin Ali
31.6%
MoroccoHassan Ι
31.6%
AndorraMarie François Sadi Carnot / Salvador Casañas i Pagés
26.3%
ChinaGuangxu
26.3%
SpainMaria Christina
26.3%
United KingdomRobert Gascoyne-Cecil
26.3%
JapanMeiji
26.3%
FranceMarie François Sadi Carnot
26.3%
TransvaalPaul Kruger
26.3%
SudanAbdallahi ibn Muhammad
26.3%
NejdAbdul Rahman bin Faisal
26.3%
AfghanistanAbdur Rahman
21.1%
Costa RicaJosé Joaquín Rodríguez
21.1%
PersiaNaser al-Din Shah Qajar
21.1%
LiechtensteinJohann ΙΙ
21.1%
Nation Name % Correct
MexicoPorfirio Díaz
21.1%
Muscat and OmanFaisal bin Turki
21.1%
PeruRemigio Morales Bermúdez
21.1%
Ottoman EmpireAbdülhamid ΙΙ
21.1%
EthiopiaMenelik ΙΙ
21.1%
Jabal ShammarMuhammed bin ʿAbdullah
21.1%
JoseonGojong
21.1%
TongaGeorge Tupou Ι
21.1%
ZazzauUthman Yero ibn Abd Allah
21.1%
ArgentinaCarlos Pellegrini
15.8%
CanadaJohn A. Macdonald
15.8%
GuatemalaManuel Barillas
15.8%
HondurasLuis Bográn
15.8%
ItalyFrancesco Crispi
15.8%
LiberiaHilary R. W. Johnson
15.8%
ParaguayJuan Gualberto González
15.8%
SiamChulalongkorn
15.8%
UruguayJulio Herrera y Obes
15.8%
Dominican RepublicUlises Heureaux
15.8%
HawaiiKalākaua
15.8%
SamoaLaupepa
15.8%
ImerinaRanavalona ΙΙΙ
15.8%
BhutanSangye Dorji
10.5%
BoliviaAniceto Arce
10.5%
BrazilDeodoro da Fonseca
10.5%
ChileJosé Manuel Balmaceda
10.5%
ColombiaRafael Núñez
10.5%
EcuadorAntonio Flores Jijón
10.5%
El SalvadorCarlos Ezeta
10.5%
Nation Name % Correct
NepalPrithvi
10.5%
NicaraguaRoberto Sacasa
10.5%
San MarinoGiuliano Belluzzi / Pietro Ugolini
10.5%
SwitzerlandEmil Welti
10.5%
VenezuelaRaimundo Andueza Palacio
10.5%
BelgiumAuguste Beernaert
10.5%
DenmarkJacob Brønnum Scavenius Estrup
10.5%
LuxembourgPaul Eyschen
10.5%
NetherlandsAeneas Mackay
10.5%
HaitiFlorvil Hyppolite
10.5%
SwazilandMbandzeni
10.5%
Orange Free StateFrancis William Reitz
10.5%
ChampsakKham Souk
10.5%
NiueFata-a-iki
10.5%
KénédougouTieba Traoré
10.5%
Wassoulou EmpireSamori Ture
10.5%
BagirmiGaourang ΙΙ
10.5%
BeninOvonramwen
10.5%
KaffaGaki Sherocho
10.5%
AshantiPrempeh Ι
10.5%
DendiAskiya Malla
10.5%
BunyoroKabalega
10.5%
BugandaMwanga ΙΙ
10.5%
BornoAshimi
10.5%
DahomeyBéhanzin
10.5%
Toucouleur EmpireTidiani Tall
10.5%
Yeke KingdomMsiri
10.5%
KazembeKanyembo Ntemena
10.5%
AcehAlauddin Muhammad Da'ud Syah ΙΙ
5.3%
Remove Ads.
Support Sporcle.
Get the best of Sporcle when you Go Orange. This ad-free experience offers more features, more stats, and more fun while also helping to support Sporcle. Thank you for becoming a member.

You're not logged in!

Compare scores with friends on all Sporcle quizzes.
OR
Log In

Show Comments

Extras

Top Quizzes Today


Score Distribution

Your Account Isn't Verified!

In order to create a playlist on Sporcle, you need to verify the email address you used during registration. Go to your Sporcle Settings to finish the process.

Report this User

Report this user for behavior that violates our Community Guidelines.

Details: